| 000 | 00747nam a2200241 i 4500 | ||
|---|---|---|---|
| 001 | bgj | ||
| 100 | 1 | _aWANDRUSZKA, Mario. | |
| 245 | 1 | 0 |
_aDer Geist der französichen Sprache / _cMario Wandruszka. |
| 246 | 1 | 0 |
_aRowohlts Deutsche Enzyklopädie : _bdas Wissen des 20. Jahrhunderts im Taschenbuch mit enzyklopädischem Stichwort. |
| 260 |
_aHamburg : _bRowohlt, _c1959. |
||
| 300 |
_a145 s. ; _c19 cm. |
||
| 490 | 1 |
_aRowohlts Deutsche Enzyklopädie _v85 |
|
| 504 | _aBibliogr. s. 138-140. Indeks. | ||
| 650 | 9 | _aJęzykoznawstwo | |
| 650 | 9 | _aJęzyk francuski | |
| 830 | _aRowohlts Deutsche Enzyklopädie | ||
| 040 | _cBPK | ||
| 041 | 0 | _ager | |
| 044 | _aDEU | ||
| 080 | _a0 | ||
| 942 | _cKS | ||
| 008 | s gw f |000 0 ger | ||
| 999 |
_c50921 _d50921 |
||
| 856 |
_uhttp://koha.tu.koszalin.pl/cgi-bin/koha/opac-detail.pl?biblionumber=50921 _yKatalog online BPK |
||